00949nam a2200229 a 4500001001000000003000500010005001700015008004100032010001100073011001100084040000900095100003200104245017500136260004100311500006000352502009800412650002800510650003500538650004000573650003600613856007000649000114468CHAP20220329144442.0180131s2017 mx a fsm |||||||spa d a110929 a111901 cCHAP1 aPérez Muñoz, Edgar Omar10aEfecto de aceites esenciales en el control de antracnosis en mango (Mangifera indica L.) CV. ataulfo en Chahuites, Oaxaca /h[En línea]cpor Edgar Omar Pérez Muñoz. aChapingo, Méx. :bEl autor,c2017. aPara ver el contenido del material haga clic en la liga aTesis (Ing. Agr. Esp. en Zonas Tropicales) -- UACH. Unidad Regional Universitaria Sur Sureste14aColletotricumxControl.14aControl biológico de hongos.14aExtractos vegetales como fungicida.14aMangoxEnfermedades por hongos. aFinding aiduhttp://10.13.5.2/tesis/sist114468.pdfzTeclea aquí